Children of British Monarchs #4 - Lancaster - Statistics

General Stats
  • This quiz has been taken 519 times
  • The average score is 6 of 8
Answer Stats
Hint Answer % Correct
Henry IV 1 1 Henry V
99%
Henry V 1 1 Henry VI
99%
Henry VI 1 1 Edward of Westminster, Prince of Wales
95%
Henry IV 3 3 John of Lancaster, 1st Duke of Bedford
83%
Henry IV 2 2 Thomas of Lancaster, Duke of Clarence
58%
Henry IV 5 5 Blanche of England
46%
Henry IV 6 6 Philippa of England
46%
Henry IV 4 4 Humphrey of Lancaster, Duke of Gloucester
44%
No matching quizzes found
Score Distribution
Percent of People with Each Score
Percentile by Number Answered
Your Score History
You have not taken this quiz